<?xml version="1.0" encoding="UTF-8"?><?xml-stylesheet type="text/xsl" href="static/style.xsl"?><OAI-PMH xmlns="http://www.openarchives.org/OAI/2.0/" xmlns:xsi="http://www.w3.org/2001/XMLSchema-instance" xsi:schemaLocation="http://www.openarchives.org/OAI/2.0/ http://www.openarchives.org/OAI/2.0/OAI-PMH.xsd"><responseDate>2026-06-02T11:46:43Z</responseDate><request verb="GetRecord" identifier="oai:riuma.uma.es:10630/25591" metadataPrefix="marc">https://riuma.uma.es/rest/oai/request</request><GetRecord><record><header><identifier>oai:riuma.uma.es:10630/25591</identifier><datestamp>2026-02-03T12:08:15Z</datestamp><setSpec>com_10630_2254</setSpec><setSpec>col_10630_37959</setSpec></header><metadata><record xmlns="http://www.loc.gov/MARC21/slim" xmlns:dcterms="http://purl.org/dc/terms/" xmlns:doc="http://www.lyncode.com/xoai" xmlns:xsi="http://www.w3.org/2001/XMLSchema-instance" xsi:schemaLocation="http://www.loc.gov/MARC21/slim http://www.loc.gov/standards/marcxml/schema/MARC21slim.xsd">
   <leader>00925njm 22002777a 4500</leader>
   <datafield ind2=" " ind1=" " tag="042">
      <subfield code="a">dc</subfield>
   </datafield>
   <datafield ind2=" " ind1=" " tag="720">
      <subfield code="a">Mejías-Ortega, Marina</subfield>
      <subfield code="e">author</subfield>
   </datafield>
   <datafield ind2=" " ind1=" " tag="720">
      <subfield code="a">Sánchez-Mejías, Elisabeth</subfield>
      <subfield code="e">author</subfield>
   </datafield>
   <datafield ind2=" " ind1=" " tag="720">
      <subfield code="a">Muñoz-Castro, Clara</subfield>
      <subfield code="e">author</subfield>
   </datafield>
   <datafield ind2=" " ind1=" " tag="720">
      <subfield code="a">Trujillo-Estrada, Laura Isabel</subfield>
      <subfield code="e">author</subfield>
   </datafield>
   <datafield ind2=" " ind1=" " tag="720">
      <subfield code="a">Vizuete, María Luisa</subfield>
      <subfield code="e">author</subfield>
   </datafield>
   <datafield ind2=" " ind1=" " tag="720">
      <subfield code="a">Vitorica Ferrández, Javier</subfield>
      <subfield code="e">author</subfield>
   </datafield>
   <datafield ind2=" " ind1=" " tag="720">
      <subfield code="a">Gutiérrez-Pérez, Antonia</subfield>
      <subfield code="e">author</subfield>
   </datafield>
   <datafield ind2=" " ind1=" " tag="260">
      <subfield code="c">2022</subfield>
   </datafield>
   <datafield ind2=" " ind1=" " tag="520">
      <subfield code="a">Parenchymal microglia, the brain-resident immune cells, have been postulated as a critical factor in Alzheimer´s disease (AD) since the identification of genetic risk factors related to their functions. Though the role of microglia in the AD progression/development is still unknown, a dysfunctional response has recently gained support. However, the different phenotypes and the implication of others myeloid cells in the human pathology have not been determined yet. In this work, we analyzed the phenotypic profile displayed by damage-associated myeloid cells in two AD vulnerable brain regions, the frontal cortex and hippocampus. For this purpose, immunohistochemistry and image analysis approaches have been carried out in postmortem brain samples from patients with AD (Braak VVI stage) and aged controls without neurological symptoms (Braak 0-II stage). Damage-associated microglial cells were clustered around amyloid plaques and expressed Iba1, CD32,TMEM119, CD68,Trem2 and CD45high. A subset of these cells also expressed ferritin and Gal-3. However, and even though some Braak II individuals accumulated reactive CD45 and CD68-positive plaques, only AD patients exhibited parenchymal infiltration of CD163-positive monocyte-derived cells that invaded plaque near blood vessels. While the frontal cortex showed strong microglial activation similar to that reported in amyloidogenic mice, the hippocampus of the same patients showed an attenuated microglial activation with a&#xd;
degenerative phenotype. These results reveal the co-existence of distinct myeloid populations associated with amyloid plaques during disease progression, as well their region-specific contribution to neuroimmune protection. These findings open the opportunity to design targeted therapies, not only to microglia, but also to the population of macrophages to modulate amyloid pathology and provide a better understanding of the immunological mechanisms underlying AD progression.</subfield>
   </datafield>
   <datafield ind1="8" ind2=" " tag="024">
      <subfield code="a">https://hdl.handle.net/10630/25591</subfield>
   </datafield>
   <datafield tag="653" ind2=" " ind1=" ">
      <subfield code="a">Alzheimer, Enfermedad de</subfield>
   </datafield>
   <datafield tag="653" ind2=" " ind1=" ">
      <subfield code="a">Sistema nervioso - Degeneración</subfield>
   </datafield>
   <datafield ind2="0" ind1="0" tag="245">
      <subfield code="a">Involvement of different aβ-associated myeloid populations in the human alzheimer’s brain</subfield>
   </datafield>
</record>
</metadata></record></GetRecord></OAI-PMH>